El problema de la transcendencia (Record no. 116113)

MARC details
000 -LEADER
campo de control de longitud fija 00627nam a2200169 4500
001 - NÚMERO DE CONTROL
campo de control 116113
003 - IDENTIFICADOR DE NÚMERO DE CONTROL
campo de control ES-MaACL
005 - FECHA Y HORA DE LA ÚLTIMA TRANSACCIÓN
campo de control 20230906190634.0
007 - CAMPO FIJO DE DESCRIPCIÓN FÍSICA--INFORMACIÓN GENERAL
campo de control de longitud fija t|
008 - DATOS DE LONGITUD FIJA--INFORMACIÓN GENERAL
campo de control de longitud fija 061121s1953 sp r ||||1| spa d
100 1# - ENTRADA PRINCIPAL--NOMBRE DE PERSONA
Nombre de persona Ortúzar, Martín.
9 (RLIN) 87690
245 13 - MENCIÓN DEL TÍTULO
Título El problema de la transcendencia
Resto del título : lecciones sobre las filosofías de la vida : resumen de las leídas en la Universidad Pontificia de Salamanca : curso 1952-53 /
Mención de responsabilidad, etc. Martín Ortúzar.
260 ## - PUBLICACIÓN, DISTRIBUCIÓN, ETC.
Lugar de publicación, distribución, etc. Madrid :
Nombre del editor, distribuidor, etc. [s.n.],
Fecha de publicación, distribución, etc. 1953.
300 ## - DESCRIPCIÓN FÍSICA
Extensión 98 p. ;
Dimensiones 24 cm.
500 ## - NOTA GENERAL
Nota general Es separata de la Revista de Estudios, nº 25,26,27.
852 ## - LOCALIZACIÓN
Ubicación ES-MaACL
Número de control de estantería 1961-F-8
Sublocalización o colección R.35758
Holdings
Estatus retirado Estado de pérdida Estado de daño No para préstamo Colección Biblioteca de origen Biblioteca actual Ubicación en estantería Fecha de adquisición Fuente de adquisición Total de préstamos Signatura topográfica completa Código de barras Visto por última vez Precio de reemplazo Tipo de ítem Koha
        Colección de folletos Biblioteca del Ateneo de Madrid Biblioteca del Ateneo de Madrid Depósito folletos 17/01/2008     1961-F-8 1121084 23/02/2023 23/02/2023 Folleto